000 01048nam a2200289Ia 4500
001 K0027
003 IT-RoPAU
008 130308s9999 xx 000 0 und d
040 _aIT-RoPAU
040 _cIT-RoPAU
041 _aITALIANO
100 _aDi Provvido Sandra
100 _gCodice Aut. SPICS: 60037
245 _aPittura di Vittore Crivelli (La)
245 _bPittura di Vittore Crivelli (La)
250 _a1a ed.
260 _a L'AQUILA
260 _bJapadre Editore
260 _c1972 [1° Ed.:1972 - Ed.Ling.Originale:1972]
300 _a"372 p. (prefazione: no ; testo: 372 [pagine: 0-0])"
500 _aAmbiente Storico, Culturale ed Artistico Marchigiano nel Xv Secolo. Vita Eopera di Vittore Crivelli. Bibliografia Ragionata. Opere. Opere di Incertaattribuzione. Opere Perdute. Rettificazioni Piu' recenti Apportate al Catalogo. Florileio Critico. Documenti. 88 tavole in bianco e Nero.
650 _aAUTORI/OPERE DI PITTURA
650 _eCodice materia Spics: 5207
942 _cBK
957 _71
999 _c91376
_d91376
999 _g1